[Event "Klatovy op-A"]
[Site "Klatovy"]
[Date "1997.??.??"]
[Round "?"]
[White "Boller, G."]
[Black "Slajs, Vlastimil"]
[Result "1-0"]
[WhiteElo "2030"]
[BlackElo "2165"]

1.d4 Nf6 2.c4 e6 3.g3 c5 4.d5 exd5 5.cxd5 d6 6.Bg2 g6 7.Nc3 Bg7 8.Nf3 O-O
9.O-O Na6 10.Nd2 Nc7 11.a4 b6 12.Nc4 Ba6 13.Qb3 Bxc4 14.Qxc4 a6 15.Bg5 Qd7
16.Qh4 Nce8 17.e4 Kh8 18.Bh3 Qc7 19.Bh6 Bxh6 20.Qxh6 Ng7 21.Qd2 Rae8 22.Rae1 Nd7
23.f4 f6 24.Rf2 Re7 25.Kg2 Rfe8 26.Rfe2 Kg8 27.b3 Qb7 28.Qd3 Kf8 29.Bg4 Kg8
30.h4 Kf7 31.Bf3 Qc8 32.h5 gxh5 33.Rh1 Rg8 34.e5 fxe5 35.Ne4 Qc7 36.Ng5+ Ke8
37.Qxh7 Nf6 38.Qg6+ Rf7 39.fxe5 dxe5 40.d6 Qd7 41.Nxf7 Qxf7 42.Rxe5+ Kf8
43.Qxf7+ Kxf7 44.Re7+ Kg6 45.Be2 Rd8 46.Rd1 Ng4 47.Bxg4 hxg4 48.Rb7 Nf5 49.Rd2 b5
50.axb5 axb5 51.Rxb5 c4 52.Rxf5 Kxf5 53.bxc4 Ke6 54.c5 Kd7 55.Rd5 Kc6 56.Rg5 Rf8
57.Rxg4 Kxc5 58.Rg6 Rd8 59.Kh3 Rxd6 60.Rxd6 Kxd6 61.Kg4 Ke6 62.Kg5 Kf7 63.Kh6 Kg8
64.Kg6  1-0

[Event "RUS-ch (Women) sf"]
[Site "Kolontaevo"]
[Date "1997.??.??"]
[Round "?"]
[White "Poliakova, N."]
[Black "Sorokina, Tamara"]
[Result "1-0"]
[WhiteElo "2105"]
[BlackElo "2125"]

1.d4 Nf6 2.c4 e6 3.g3 c5 4.Nf3 cxd4 5.Nxd4 Nc6 6.Bg2 a6 7.O-O Be7 8.Nc3 O-O
9.h3 d5 10.cxd5 exd5 11.Be3 Be6 12.Rc1 Nxd4 13.Qxd4 Rc8 14.Na4 Ne4 15.Rxc8 Bxc8
16.Rd1 Be6 17.Nb6 Bc5 18.Qxe4 Qxb6 19.Bxc5 Qxc5 20.Qd4 Qb5 21.e3 h6 22.b3 Rc8
23.Bxd5 Bxd5 24.Qxd5 Qe2 25.Qd2 Qf3 26.Rc1 Rxc1+ 27.Qxc1 g6 28.Qc4 h5 29.h4 Kg7
30.Qd4+ Kg8 31.Qc4 Kg7 32.a4 f5 33.Qd4+ Kf7 34.Kf1 Ke6 35.Qg7 Kd6 36.Qxg6+ Kc5
37.Qe6 Kb4 38.Qc4+ Ka3 39.a5 f4 40.exf4  1-0

[Event "RUS-Cup6"]
[Site "Krasnodar"]
[Date "1997.??.??"]
[Round "6"]
[White "Kiseleva, Natalia"]
[Black "Shariyazdanov, Andrey"]
[Result "0-1"]
[WhiteElo "2350"]
[BlackElo "2525"]

1.d4 Nf6 2.c4 e6 3.g3 c5 4.d5 exd5 5.cxd5 b5 6.Bg2 d6 7.a4 b4 8.Qc2 g6 9.e4 Nbd7
10.Nd2 Bg7 11.Ngf3 O-O 12.O-O Ba6 13.Re1 c4 14.Nxc4 Rc8 15.Bf1 Bxc4 16.Bxc4 Nb6
17.Nd2 Nxc4 18.Nxc4 Qc7 19.b3 Nxe4 20.Bb2 Nc3 21.Qd3 Rfe8 22.Re3 Rxe3 23.Nxe3 Re8
24.Kg2 Qc5 25.Rc1 Bd4 26.Bxc3 bxc3 27.Nc2 Qxd5+ 28.Qf3 Qxf3+ 29.Kxf3 Be5
30.Rd1 f5 31.h4 Kf7 32.b4 h6 33.b5 g5 34.hxg5 hxg5 35.g4 fxg4+ 36.Kxg4 Rc8
37.a5 Rc4+ 38.Kxg5 Ra4 39.b6 Rxa5 40.bxa7 Rxa7 41.f4 Bf6+ 42.Kf5 Ra2 43.Ne3 Ra5+
44.Ke4 Ke6 45.f5+ Kd7 46.Kd3 Ra2 47.Ng4 Bh8 48.f6 Rg2 49.Ne3 Rf2 50.Kxc3 Bxf6+
51.Kd3 Bg5 52.Nd5 Kc6 53.Nc3 d5 54.Ne2 Bh6 55.Rh1 Rf3+ 56.Kc2 Bg7 57.Rh7 Be5
58.Rh5 Kd6 59.Rh6+ Kc5 60.Re6 Bf6 61.Re8 d4 62.Nc1 Rc3+ 63.Kd1 Rh3 64.Kc2 Rc3+
65.Kd1 Kd5 66.Ne2 Rf3 67.Ra8 d3 68.Nc1 Rf1+ 69.Kd2 Bg5+ 70.Kxd3 Bxc1  0-1

[Event "Leeuwarden op"]
[Site "Leeuwarden"]
[Date "1997.??.??"]
[Round "2"]
[White "De Boer, Sybolt"]
[Black "Grooten, Herman"]
[Result "0-1"]
[WhiteElo "2290"]
[BlackElo "2390"]

1.d4 Nf6 2.c4 e6 3.g3 c5 4.d5 exd5 5.cxd5 d6 6.Bg2 g6 7.Nf3 Bg7 8.Nc3 O-O
9.O-O a6 10.a4 Nbd7 11.Nd2 Nh5 12.h3 Rb8 13.Nce4 Ndf6 14.Nxf6+ Nxf6 15.Nc4 Re8
16.a5 Ne4 17.Qc2 f5 18.g4 Bd4 19.Bf4 Qh4 20.e3 Be5 21.f3 Ng3 22.Qf2 Bxf4
23.Rfe1 Be5  0-1

[Event "Leeuwarden op"]
[Site "Leeuwarden"]
[Date "1997.??.??"]
[Round "8"]
[White "Ligterink, Gert"]
[Black "Grooten, Herman"]
[Result "0-1"]
[WhiteElo "2450"]
[BlackElo "2390"]

1.d4 Nf6 2.c4 e6 3.g3 c5 4.Nf3 cxd4 5.Nxd4 Qa5+ 6.Nc3 Bb4 7.Nb3 Qc7 8.Bg2 Qxc4
9.O-O d5 10.Bg5 Nbd7 11.Rc1 Qg4 12.Nb5 O-O 13.Be3 b6 14.N3d4 a6 15.h3 Qh5
16.Nc6 Bc5 17.Bxc5 bxc5 18.Nd6 Nb6 19.Rxc5 Bd7 20.e4 Qxd1 21.Rxd1 Bxc6 22.Rxc6 Rfb8
23.Rdc1 dxe4 24.Nxe4 Nfd5 25.Nd6 g6 26.b3 Ra7 27.Nc8 Rab7 28.Nxb6 Rxb6 29.Rxb6 Rxb6
30.Rc5 Rd6 31.Kf1 Kf8 32.Ke2 Ke7 33.Bxd5 exd5 34.Kd3 g5 35.Kd4 Rf6 36.Rc2 Kd6
37.b4 Re6 38.f3 Re1 39.Rc3 Rd1+ 40.Rd3 Rb1 41.a3 f5 42.g4 f4 43.Rc3 h6 44.Rd3 Rg1
45.Rb3 Rh1 46.Rc3 Rxh3 47.Rc5 Rxf3 48.Ra5 Rg3 49.Rxa6+ Ke7 50.Ra7+ Kd6 51.Ra6+ Kc7
52.Rxh6 Rxg4 53.Rf6 Rg3 54.a4 Rb3 55.Kc5 f3 56.Rf7+ Kd8 57.a5 g4 58.a6 Ra3
59.a7 Ke8 60.Rf4 Rxa7 61.Rxg4 f2  0-1

[Event "Lilie op"]
[Site "Litomysl"]
[Date "1997.??.??"]
[Round "2"]
[White "Priehoda, Vitezslav"]
[Black "Vecera, Pavel"]
[Result "1-0"]
[WhiteElo "2400"]
[BlackElo "2160"]

1.d4 Nf6 2.c4 e6 3.g3 c5 4.d5 b5 5.dxe6 fxe6 6.Bg2 d5 7.cxd5 exd5 8.Nc3 Bb7
9.Bg5 Be7 10.Nh3 Qd7 11.Bxf6 Bxf6 12.O-O d4 13.Ne4 Be7 14.e3 Nc6 15.Nxc5 Bxc5
16.Qh5+ g6 17.Qxc5 Rf8 18.Rac1 Rc8 19.Qxb5 Rf5 20.Qb3 d3 21.Rfd1 Ba6 22.Nf4 Ne5
23.Rxc8+ Qxc8 24.Qg8+ Rf8 25.Qd5 Rf5 26.Qg8+ Rf8 27.Qe6+ Qxe6 28.Nxe6 Rf6
29.Nc7+ Kf8 30.h3 Rd6 31.b3 Bc8 32.f4 Nf7 33.Nb5  1-0

[Event "Ljubljana op"]
[Site "Ljubljana"]
[Date "1997.??.??"]
[Round "5"]
[White "Burmakin, Vladimir"]
[Black "Podlesnik, Bogdan"]
[Result "1-0"]
[WhiteElo "2530"]
[BlackElo "2410"]

1.d4 Nf6 2.c4 e6 3.g3 c5 4.Nf3 cxd4 5.Nxd4 Bb4+ 6.Bd2 Qb6 7.e3 Bc5 8.Bc3 Ne4
9.Qb3 Nxc3 10.Qxb6 Bxb6 11.Nxc3 Ba5 12.Rc1 Nc6 13.Nb3 Bxc3+ 14.Rxc3 b6 15.Bg2 Bb7
16.c5 Ke7 17.O-O Rhd8 18.Rfc1 Rab8 19.a3 Na5 20.cxb6 Nxb3 21.Rxb3 Bxg2 22.Kxg2 Rxb6
23.Rxb6 axb6 24.Rc7 Kd6 25.Rc3 f5 26.Kf3 g5 27.h3 h5 28.Ke2 Rh8 29.Rc4 Kd5
30.Rd4+ Kc6 31.h4 g4 32.Rc4+ Kd6 33.a4 Ra8 34.Kd3 e5 35.Kc3 Kd5 36.b3 Ra5
37.Kb4 Kd6 38.Rc8 Rd5 39.Rf8 e4 40.Rf6+ Kc7 41.Kc4 Rc5+ 42.Kd4 d6 43.b4 Re5
44.Rf7+ Kd8 45.Rh7  1-0

[Event "Minsk op"]
[Site "Minsk"]
[Date "1997.??.??"]
[Round "4"]
[White "Gleizerov, Evgeny"]
[Black "Savon, Vladimir A"]
[Result "1/2-1/2"]
[WhiteElo "2545"]
[BlackElo "2445"]

1.d4 Nf6 2.c4 e6 3.g3 c5 4.d5 exd5 5.cxd5 b5 6.Bg2 d6 7.Nf3 g6 8.O-O Bg7
9.e4 O-O 10.Re1 Bg4 11.a4 b4 12.Nbd2 Nbd7 13.h3 Bxf3 14.Bxf3 Ne5 15.Be2 Qc8
16.Kg2 c4 17.f4  1/2-1/2

[Event "Minsk op"]
[Site "Minsk"]
[Date "1997.??.??"]
[Round "5"]
[White "Neverov, Valeriy"]
[Black "Berelovich, Aleksandar"]
[Result "1/2-1/2"]
[WhiteElo "2530"]
[BlackElo "2495"]

1.d4 Nf6 2.c4 e6 3.g3 c5 4.Nf3 cxd4 5.Nxd4 d5 6.Bg2 e5 7.Nf3 d4 8.O-O Nc6
9.e3 Be7 10.exd4 exd4 11.Bf4 O-O 12.Ne5 Qb6 13.Qb3 Na5 14.Qxb6 axb6 15.Nd2 Nh5
16.Rfe1 Nxf4 17.gxf4 Bb4 18.Rad1 Be6 19.a3 Bxd2 20.Rxd2 Rfd8 21.b4 Nxc4 22.Nxc4 Bxc4
23.Bxb7 Rab8 24.Re4 g6 25.Rexd4 Rxd4 26.Rxd4 Rxb7 27.Rxc4 Ra7 28.Rc3 Kg7
29.Kf1 Kf6 30.Ke2 Kf5 31.Kd3 b5 32.Ke3 h5 33.Kf3 Ra8 34.Re3 Ra7 35.h4 Ra8
36.Kg3 Ra7 37.f3 Ra8 38.Re5+ Kf6 39.Rxb5 Rxa3 40.f5 Rc3 41.fxg6 fxg6 42.Rb6+ Kg7
43.Rb8 Rb3 44.Rb5 Kf6 45.Kf4 Rb1 46.Rb6+ Kf7 47.b5 Rh1 48.Rc6 Rxh4+ 49.Kg5 Rb4
50.Rf6+ Kg7 51.Rxg6+ Kf7 52.Rb6 h4 53.Rb7+ Kf8 54.f4 h3 55.Rb8+ Kf7 56.b6 h2
57.Rh8 Rxb6 58.Rxh2 Kg7 59.Ra2 Rb5+ 60.f5 Rb6  1/2-1/2

[Event "JUG-chT (Women)"]
[Site "Niksic"]
[Date "1997.??.??"]
[Round "6"]
[White "Kiseleva, Natalia"]
[Black "Peptan, Corina"]
[Result "1-0"]
[WhiteElo "2335"]
[BlackElo "2460"]

1.d4 Nf6 2.c4 e6 3.g3 c5 4.d5 d6 5.Nc3 exd5 6.cxd5 g6 7.Bg2 Bg7 8.Nf3 O-O
9.O-O a6 10.a4 Nbd7 11.Nd2 Qe7 12.Nc4 Ne5 13.Nb6 Rb8 14.e4 Nfd7 15.Nxc8 Rfxc8
16.f4 Nc4 17.Kh1 Na5 18.Be3 c4 19.Qf3 Nb3 20.Rad1 b5 21.axb5 axb5 22.e5 b4
23.Ne4 dxe5 24.f5 Qf8 25.Bh3 Rd8 26.Qe2 Nd4 27.Bxd4 exd4 28.Qxc4 Nb6 29.Qb3 Qe8
30.Rde1 Qa4 31.Qf3 Nxd5 32.fxg6 Ne3 33.gxf7+ Kh8 34.Ng5 Qa8 35.Ne6 Nxf1 36.Qxa8 Rxa8
37.Nxd8 Ne3 38.Ne6 h5 39.Bg2 Rc8 40.Bf3 h4 41.gxh4 Kh7 42.Rg1 Bh6 43.Be4+ Kh8
44.h3 b3 45.Rg6 Rc1+ 46.Kh2 Nf1+ 47.Kg2 Ne3+ 48.Kf2 Rf1+ 49.Ke2 Rxf7 50.Rxh6+ Kg8
51.Nxd4 Nf1 52.Rg6+ Kh8 53.Rg1 Ng3+ 54.Ke3 Nf1+ 55.Kd3 Rf2 56.Rg2 Rf4 57.Nf5  1-0

[Event "Pula op"]
[Site "Pula"]
[Date "1997.??.??"]
[Round "6"]
[White "Podvrsnik, Marko"]
[Black "Sale, Srdjan"]
[Result "0-1"]
[WhiteElo "2195"]
[BlackElo "2425"]

1.d4 Nf6 2.c4 e6 3.g3 c5 4.d5 exd5 5.cxd5 d6 6.Bg2 g6 7.Nc3 Bg7 8.Nf3 O-O
9.O-O a6 10.a4 Re8 11.Nd2 Nbd7 12.Nc4 Nb6 13.Na3 Bd7 14.a5 Nc8 15.Nc4 Bb5
16.Qb3 Qd7 17.Re1 Bxc4 18.Qxc4 Na7 19.Bd2 Nb5 20.e3 Re7 21.h3 Rae8 22.b4 Rc8
23.Na4 cxb4 24.Qxb4 Rc2 25.Rac1 Rxc1 26.Bxc1 Qc8 27.Bb2 Qc2 28.Rc1 Qd3 29.Nb6 g5
30.h4 Ng4 31.Bxg7 Kxg7 32.Bf1 Qxd5 33.Qb2+ f6 34.Rc4 Rc7 35.Rxc7+ Nxc7 36.Bg2 Qd3
37.Nc8 Nb5 38.Nb6 Ne5 39.Qc1 Qf5 40.e4 Qxf2+ 41.Kxf2 Nd3+ 42.Ke3 Nxc1 43.Bf1 Nb3
44.Bxb5 axb5 45.Nc8 Nxa5 46.Nxd6 Nc4+ 47.Nxc4 bxc4 48.Kd4 b5  0-1

[Event "White Nights op"]
[Site "St Petersburg"]
[Date "1997.??.??"]
[Round "?"]
[White "Monin, Nikolay"]
[Black "Shchukin, Dmitry"]
[Result "1-0"]
[WhiteElo "2350"]
[BlackElo "2310"]

1.d4 Nf6 2.c4 e6 3.g3 c5 4.Nf3 cxd4 5.Nxd4 d5 6.Bg2 e5 7.Nb5 d4 8.f4 a6 9.fxe5 axb5
10.exf6 bxc4 11.O-O Nc6 12.Nd2 Be6 13.Ne4 Qb6 14.fxg7 Bxg7 15.Nd6+ Kd7 16.Bf4 Ra5
17.Rc1 c3 18.bxc3 Rxa2 19.Kh1 Ke7 20.cxd4 Bxd4 21.Nxb7 Qxb7 22.Rxc6 Qb2 23.Rd6 Be5
24.Rxe6+ fxe6 25.Bg5+ Bf6 26.Bxf6+ Qxf6 27.Rxf6 Kxf6 28.Qd4+ e5 29.Qd6+  1-0

[Event "St Petersburg"]
[Site "St Petersburg"]
[Date "1997.??.??"]
[Round "1"]
[White "Komarov, Dimitri"]
[Black "Aseev, Konstantin N"]
[Result "0-1"]
[WhiteElo "2615"]
[BlackElo "2530"]

1.d4 Nf6 2.c4 e6 3.g3 c5 4.Nf3 cxd4 5.Nxd4 a6 6.Nc3 Qc7 7.Bg5 Qxc4 8.Rc1 Nc6
9.Nb3 Ne4 10.Bg2 Nxg5 11.h4 Qg4 12.hxg5 Qxg5 13.Kf1 d5 14.e4 d4 15.Rh5 Qd8
16.Nd5 g6 17.Nxd4 gxh5 18.Nxc6 bxc6 19.Qd4 cxd5 20.Qxh8 Bb7 21.Rd1 Qb6 22.exd5 Rd8
23.Qxh7 Bxd5 24.Qxh5 Bxg2+ 25.Kxg2 Rxd1 26.Qxd1 Qxb2  0-1

[Event "SVK-chT 9798"]
[Site "SVK"]
[Date "1997.??.??"]
[Round "2"]
[White "Turna, Stefan"]
[Black "Huba, Martin"]
[Result "1-0"]
[WhiteElo "2290"]
[BlackElo "2170"]

1.d4 Nf6 2.c4 e6 3.g3 c5 4.Nf3 b6 5.Bg2 Bb7 6.d5 exd5 7.Nh4 g6 8.Nc3 Bg7
9.Bf4 O-O 10.O-O Na6 11.cxd5 d6 12.Qd2 Nc7 13.a4 a6 14.e4 Ng4 15.Nf3 b5 16.axb5 axb5
17.Rxa8 Bxa8 18.h3 Nf6 19.Qd3 Re8 20.Nd2 c4 21.Qc2 Nh5 22.Be3 Qb8 23.Ra1 Rc8
24.Ne2 Nf6 25.Bd4 Nce8 26.Kh2 h5 27.f4 Nd7 28.Nf3 Nc5 29.Rf1 Nf6 30.Ng5 Re8
31.f5 gxf5 32.Rxf5 Ncd7 33.Nf4 Ne5 34.Qd1 Re7 35.Nxh5 Nxh5 36.Qxh5 Qe8 37.Nh7 Ng6
38.Nf6+ Bxf6 39.Bxf6 Rxe4 40.Rg5 Re2 41.Qh8+  1-0

[Event "SWZ-chT9697"]
[Site "SWZ"]
[Date "1997.??.??"]
[Round "?"]
[White "Wittwer, Moritz"]
[Black "Meyer, Hartmut"]
[Result "1-0"]
[WhiteElo "2180"]
[BlackElo "2160"]

1.d4 Nf6 2.c4 e6 3.g3 c5 4.d5 exd5 5.cxd5 d6 6.Bg2 g6 7.Nc3 Bg7 8.Qa4+ Nbd7
9.Bf4 O-O 10.Nf3 a6 11.Qc2 Qe7 12.a4 Rb8 13.O-O Re8 14.Rfe1 Ng4 15.Bg5 Qf8
16.Ne4 f5 17.Nc3 Nde5 18.Nxe5 Nxe5 19.Bf4 b5 20.axb5 axb5 21.Ra5 Bd7 22.Ra7 Ra8
23.Rb7 Reb8 24.Rxb8 Qxb8 25.b4 cxb4 26.Na2 Ra4 27.Rb1 Qa7 28.Nxb4 Ra1 29.h3 Nc4
30.Nc6 Qa4 31.Qc1 Kf7 32.Kh2 Bb2 33.Rxa1 Qxa1 34.Qc2 Qa4 35.Qd3 Qa3 36.Qc2 Qc3
37.Qb1 b4 38.Qa2 Ba3 39.e4 b3 40.Qe2 Qc2 41.Qe1 b2 42.exf5 Ne5 43.fxg6+ hxg6
44.Be4 Qc1 45.Qe2 b1=Q 46.Bxb1 Qxb1 47.Bxe5 Bxc6 48.dxc6 dxe5 49.Qc4+ Kg7
50.c7 Qf5 51.c8=Q Qxf2+ 52.Kh1 Qf3+ 53.Kg1 Qxg3+ 54.Kf1 Qf3+ 55.Ke1 Qe3+
56.Kd1 Qg1+ 57.Kc2 Qg2+ 58.Kb3  1-0

[Event "Hoogovens-B"]
[Site "Wijk aan Zee"]
[Date "1997.??.??"]
[Round "9"]
[White "Cifuentes Parada, Roberto"]
[Black "Van der Wiel, John TH"]
[Result "1/2-1/2"]
[WhiteElo "2515"]
[BlackElo "2555"]

1.d4 Nf6 2.c4 e6 3.g3 c5 4.Nf3 cxd4 5.Nxd4 Qc7 6.Nd2 b6 7.Bg2 Bb7 8.Nb5 Qc8
9.e4 a6 10.Nc3 d6 11.O-O Nbd7 12.b3 Be7 13.Bb2 O-O 14.Rc1 Re8 15.Qe2 Qb8
16.Rfe1 b5 17.cxb5 axb5 18.Qxb5 Ne5 19.Na4 Qa7 20.Bxe5 dxe5 21.Nc4 Ng4 22.Qb6 Qxb6
23.Ncxb6 Ra7 24.Red1 Nf6 25.f3 g5 26.g4 Rd8 27.Bf1 Rd4 28.Rxd4 exd4 29.Nc5 Bxc5
30.Rxc5 Rxa2 31.Rxg5+ Kf8 32.Rc5 Ra1 33.Kf2 Bxe4 34.Rc8+ Kg7 35.fxe4 Nxe4+
36.Kg2 Ra2+ 37.Kf3 Nd2+ 38.Ke2 Nxb3+ 39.Kd3 Rxh2 40.Nd7 Rh1 41.Bg2 Re1 42.Rb8 Re3+
43.Kc4 Rc3+ 44.Kb4 Rg3 45.Bc6 Nd2 46.Rd8 Rxg4 47.Ne5 Rf4 48.Be8 Nf3 49.Nxf3 Rxf3
50.Rxd4 h5 51.Kc4 Kf6 52.Bc6 Rg3 53.Rf4+ Kg7 54.Be8 Rg4 55.Rxg4+ hxg4 56.Kd4 Kf6
57.Ke4 Ke7 58.Bb5 Kd6 59.Kf4 f5 60.Bc4 Ke7 61.Ke5 g3 62.Bf1  1/2-1/2

[Event "Europe vs Americas"]
[Site "Mermaid Beach"]
[Date "1998.01.26"]
[Round "1"]
[White "Gurevich, Dmitry"]
[Black "Plaskett, Jim"]
[Result "0-1"]
[WhiteElo "2540"]
[BlackElo "2445"]

1.d4 Nf6 2.c4 e6 3.g3 c5 4.Nf3 cxd4 5.Nxd4 d5 6.Bg2 Be7 7.cxd5 Nxd5 8.O-O O-O
9.Qb3 Na6 10.Rd1 Nc5 11.Qf3 Bd7 12.e4 Nb6 13.Nc3 Qe8 14.b3 Rc8 15.Be3 Nxb3
16.axb3 Rxc3 17.Rxa7 Qb8 18.Ra5 Rd8 19.Qe2 Be8 20.Raa1 Nc8 21.Qg4 Bf6 22.h4 Ne7
23.Bg5 h5 24.Qxh5 Rxd4 25.Bxf6 Rxd1+ 26.Rxd1 gxf6 27.Qh6 Qe5 28.Kh2 f5 29.Rd8 Rc8
30.Qg5+ Kf8 31.Rxc8 Nxc8 32.exf5 Qxf5 33.Qd8 Ne7 34.f4 e5 35.fxe5 Qxe5 36.Bxb7 Qb2+
37.Bg2 Qxb3 38.Qd4 Qe6 39.Be4 Ng8 40.Qc5+ Ne7 41.Bf3 Qf6 42.Qe3 Bc6 43.Bxc6 Nxc6
44.Qe4 Ne5 45.Kg2 Kg7 46.g4 Ng6 47.g5 Qf5 48.Qd4+ Ne5 49.Kg3 Qf3+ 50.Kh2 Qe2+
51.Kh3 Kg6 52.Qf4 Kh5 53.Kg3 Qe1+ 54.Kh3 Qh1+ 55.Kg3 Qg1+ 56.Kh3 Qg4+ 57.Qxg4+ Nxg4
58.Kg3 Ne3  0-1

[Event "Europe vs Americas"]
[Site "Mermaid Beach"]
[Date "1998.01.31"]
[Round "6"]
[White "Ippolito, Dean"]
[Black "Plaskett, Jim"]
[Result "0-1"]
[WhiteElo "2435"]
[BlackElo "2445"]

1.d4 Nf6 2.c4 e6 3.g3 c5 4.d5 exd5 5.cxd5 d6 6.Nc3 g6 7.Bg2 Bg7 8.Nf3 O-O
9.O-O a6 10.a4 Re8 11.Bf4 Qc7 12.Nd2 Nh5 13.Be3 Nd7 14.Nc4 Ne5 15.Qb3 Qe7
16.Rfe1 f5 17.Bf3 f4 18.Bd2 fxg3 19.hxg3 Rf8 20.Nxe5 Qxe5 21.Ne4 Bf5 22.Bc3 Qe7
23.Nxc5 Bxc3 24.bxc3 Nxg3 25.fxg3 Qe3+ 26.Kg2 Qxc5 27.Qxb7 Qxc3 28.Rac1 Qe5
29.Rc7 h5 30.Re7 Qf6 31.Re3 Rab8 32.Qe7 Qd4 33.Qg5 Rf7 34.Rc1 Kh7 35.Rc6 Rb1
36.Rc8 Qd1 37.Rh8+ Kg7 38.Qh6+ Kf6 39.Re6+ Bxe6 40.dxe6 Qh1+ 41.Kf2 Qg1+  0-1

[Event "Oberliga Wuert9798"]
[Site "Wuerttemberg"]
[Date "1998.02.01"]
[Round "7"]
[White "Fochtler, Ekkehard"]
[Black "Frolik, Erhard"]
[Result "1/2-1/2"]
[WhiteElo "2245"]
[BlackElo "2245"]

1.d4 Nf6 2.c4 e6 3.g3 c5 4.d5 exd5 5.cxd5 d6 6.Nc3 g6 7.Bg2 Bg7 8.Nf3 O-O
9.O-O a6 10.a4 Re8 11.Nd2 Nbd7 12.h3 Rb8 13.Nc4 Nb6 14.Na3 Bd7 15.Bf4 Nh5
16.Bd2 Bxc3 17.bxc3 Bxa4 18.Qe1 Bb3 19.c4 Nxc4 20.Bc3 Nxa3 21.Rxa3 Bc4 22.Bf3 Qg5
23.h4 Qf5 24.Bb2 Qc2 25.Qa1 Bxe2 26.Bxh5 gxh5 27.Re1 Bg4 28.Rae3 Rxe3 29.Rxe3 Qd1+
30.Qxd1 Bxd1 31.Bf6 c4 32.Kf1 h6 33.Ke1 Ba4 34.Kd2 b5 35.Kc3 Kh7 36.Kb4 Kg6
37.Bd4 Bc2 38.Re7 Bf5 39.Ra7 Be4 40.Rd7 Bxd5 41.Rxd6+ Be6 42.Rxa6 Kf5 43.Rd6 Ke4
44.Be3 Kf3 45.Rb6 Rxb6 46.Bxb6 Bd7 47.Bd4 f5 48.Kc3 f4 49.gxf4 Kxf4 50.Kb4 Kg4
51.Bf6 Kf3 52.Bd4 Ke4 53.Bg7 Kd3 54.Bf6 Ke4 55.Bg7 Kf3  1/2-1/2

[Event "FRA-chT"]
[Site "FRA"]
[Date "1998.02.06"]
[Round "1"]
[White "Sellos, Didier"]
[Black "De Sousa, Jose"]
[Result "0-1"]
[WhiteElo "2405"]
[BlackElo "2230"]

1.d4 Nf6 2.c4 e6 3.g3 c5 4.Nf3 cxd4 5.Nxd4 Qb6 6.Nc3 Nc6 7.Ndb5 Ne5 8.Bf4 Bc5
9.e3 d6 10.Bg2 Nxc4 11.O-O Bd7 12.a4 O-O 13.b3 Bxb5 14.axb5 Ne5 15.Qe2 Ng6
16.Bg5 a6 17.h4 Nd7 18.h5 Nge5 19.h6 g6 20.Rad1 axb5 21.Ne4 f6 22.Bf4 Ba3
23.g4 d5 24.Nc3 Rac8 25.Nxb5 Bb4 26.g5 f5 27.Nd4 Nf7 28.Nxe6 Qxe6 29.Bxd5 Qe7
30.Qb5 Bc3 31.Qxb7 Rce8 32.Bc4 Ne5 33.Qxe7 Rxe7 34.Bd5 Kh8 35.Rc1 Bb4 36.Bxf7 Nxf7
37.Rc4 Rb7 38.Rfc1  0-1

[Event "CZE-chT 9798"]
[Site "CZE"]
[Date "1998.03.08"]
[Round "9"]
[White "Haba, Zdenek"]
[Black "Veselovsky, Sergey"]
[Result "0-1"]
[WhiteElo "2255"]
[BlackElo "2435"]

1.d4 Nf6 2.c4 e6 3.g3 c5 4.Nf3 cxd4 5.Nxd4 d5 6.Bg2 e5 7.Nf3 d4 8.O-O Nc6
9.e3 Be7 10.exd4 exd4 11.b3 O-O 12.Bb2 Bc5 13.Nbd2 Bf5 14.Ne1 Re8 15.Ndf3 d3
16.h3 h6 17.Nh4 Bh7 18.Bxf6 Qxf6 19.Nxd3 Bd4 20.Rc1 g5 21.Nf3 Rad8 22.Nfe1 Bc3
23.Bd5 Ne7 24.Qh5 Bg6 25.Qg4 h5 26.Qf3 Nxd5 27.cxd5 Qxf3 28.Nxf3 Bxd3 29.Rxc3 Bxf1
30.Kxf1 Rxd5 31.Rc7 g4 32.hxg4 hxg4 33.Nh4 Rd1+ 34.Kg2 Ree1 35.Rc8+ Kh7 36.f4 Re2+  0-1

[Event "Budapest FS04 GM"]
[Site "Budapest"]
[Date "1998.04.10"]
[Round "7"]
[White "Ruck, Robert"]
[Black "Rodriguez Lopez, Rafael"]
[Result "1-0"]
[WhiteElo "2450"]
[BlackElo "2285"]

1.d4 Nf6 2.c4 e6 3.g3 c5 4.d5 exd5 5.cxd5 d6 6.Nc3 g6 7.Bg2 Bg7 8.Nf3 O-O
9.O-O a6 10.a4 Nbd7 11.Bf4 Nb6 12.e4 Bg4 13.Qb3 Bxf3 14.Bxf3 Qc7 15.Rfd1 Nfd7
16.a5 Nc8 17.Qa4 Ne5 18.Be2 b5 19.axb6 Nxb6 20.Qc2 Qb7 21.Ra2 Rfe8 22.Rda1 c4
23.Be3 Rec8 24.Kg2 Bf6 25.Na4 Nxa4 26.Rxa4 Bg7 27.Bxc4 f5 28.R1a2 Ng4 29.Bf4 fxe4
30.Qe2 Nf6 31.Bxa6 Qb3 32.Bxc8 Rxa4 33.Rxa4 Qxa4 34.Be6+ Kh8 35.Bxd6 Qd4
36.Qb5 h5 37.Bf4 Kh7 38.d6 Ng4 39.Bxg4 hxg4 40.Qe2 Qxb2 41.Qxb2 Bxb2 42.d7 Bf6
43.Bc7  1-0

[Event "Neckar op 2nd"]
[Site "Deizisau"]
[Date "1998.04.10"]
[Round "6"]
[White "Fahnenschmidt, Gerhard"]
[Black "Englmeier, Heinz"]
[Result "0-1"]
[WhiteElo "2375"]
[BlackElo "2185"]

1.d4 Nf6 2.c4 e6 3.g3 c5 4.d5 exd5 5.cxd5 d6 6.Nc3 g6 7.Bg2 Bg7 8.Nf3 O-O
9.O-O a6 10.a4 Nh5 11.Bg5 f6 12.Bd2 f5 13.Rb1 f4 14.b4 b6 15.bxc5 bxc5 16.Rb3 a5
17.Nb5 Na6 18.Bc3 Bh6 19.Ba1 Nb4 20.Nd2 Bf5 21.Ne4 Ra6 22.Rc3 Re8 23.Rc4 Rf8
24.Qb3 Qe7 25.Rd1 Rb6 26.h3 fxg3 27.fxg3 Bd7 28.Kh2 Bxb5 29.axb5 Rxb5 30.e3 Bg7
31.Bxg7 Nxg7 32.Rcc1 Qe5 33.Rf1 Rf5 34.Kg1 Rb7 35.g4 Rxf1+ 36.Rxf1 Rf7 37.Rxf7 Kxf7
38.Qa4 Ne8 39.Qd7+ Kg8 40.Qd8 Nxd5 41.g5 Kf8 42.Qxa5 Nxe3 43.Qa8 Nxg2 44.Kxg2 d5
45.Ng3 Qxg5 46.Qc6 c4 47.h4 Qe5 48.h5 gxh5 49.Qh6+ Ng7 50.Qxh7 Kf7 51.Qh8 c3
52.Qc8 h4 53.Qd7+ Kg8 54.Qd8+ Kf7 55.Qxh4 c2 56.Qh1 Qf4 57.Ne2 Qe4+ 58.Kg1 Qe3+
59.Kf1 c1=Q+  0-1

[Event "GRE-chT"]
[Site "Poros"]
[Date "1998.04.21"]
[Round "2"]
[White "Nikolaidis, Ioannis"]
[Black "Agnos, Demetrios"]
[Result "1/2-1/2"]
[WhiteElo "2490"]
[BlackElo "2475"]

1.d4 Nf6 2.c4 e6 3.g3 c5 4.Nf3 Qa5+ 5.Nbd2 Nc6 6.dxc5 Bxc5 7.Bh3 O-O 8.O-O Be7
9.Bg2 d5 10.a3 Qa6 11.b3 Rd8 12.cxd5 Nxd5 13.Bb2 b5 14.e4 Nf6 15.Qe2 Bb7
16.b4 Qb6 17.Rab1 a5 18.bxa5 Qxa5 19.Rfc1 Nd7 20.Bf1 b4 21.axb4  1/2-1/2

[Event "POR-chT"]
[Site "Lisboa"]
[Date "1998.05.03"]
[Round "3"]
[White "Pinho, Paulo"]
[Black "Spraggett, Kevin"]
[Result "1-0"]
[WhiteElo "2150"]
[BlackElo "2565"]

1.d4 Nf6 2.c4 e6 3.g3 c5 4.d5 exd5 5.cxd5 d6 6.Bg2 g6 7.Nc3 Bg7 8.Nf3 O-O
9.O-O a6 10.a4 Nbd7 11.Nd2 Re8 12.Nc4 Nb6 13.Na3 Bd7 14.e4 Rb8 15.f4 Ng4
16.Qf3 f5 17.h3 Bd4+ 18.Kh1 Nf6 19.e5 dxe5 20.fxe5 Bxe5 21.a5 Nh5 22.axb6 Nxg3+
23.Kg1 Nxf1 24.Bxf1 Bd4+ 25.Kh1 Qxb6 26.Nc4 Qb3 27.Bf4 b5 28.Bxb8 Rxb8 29.Ra3 Qc2
30.Qf4 Re8 31.Qd2 Qxd2 32.Nxd2 b4 33.Rxa6 bxc3 34.bxc3 Bxc3 35.Nb3 Bb4 36.Ra7 Rd8
37.Rc7 Kf7 38.Nxc5 Bxc5 39.Rxc5 Ke7 40.Kg2 Kd6 41.Ra5 Rc8 42.Bb5 Rc2+ 43.Kg3 Bc8
44.Bc6 g5 45.Ra7 f4+ 46.Kf3 Rc3+ 47.Ke4 Rxh3 48.Rg7 h6 49.Kd4 Bf5 50.Rf7 Bb1
51.Rd7+  1-0

[Event "POR-chT"]
[Site "Lisboa"]
[Date "1998.05.17"]
[Round "7"]
[White "Pinho, Paulo"]
[Black "Galego, Luis"]
[Result "0-1"]
[WhiteElo "2150"]
[BlackElo "2445"]

1.d4 Nf6 2.c4 e6 3.g3 c5 4.Nf3 cxd4 5.Nxd4 Bb4+ 6.Bd2 Qb6 7.Bg2 Bc5 8.e3 Bxd4
9.exd4 Qxd4 10.O-O Nc6 11.Qc2 O-O 12.Be3 Qg4 13.Rd1 d5 14.cxd5 exd5 15.Nc3 Bf5
16.Qb3 d4 17.h3 Qg6 18.Bxd4 Rab8 19.Rac1 Nxd4 20.Rxd4 Bxh3 21.Bxh3 Qh6 22.Ne2 Qxh3
23.Nf4 Qf5 24.Rc7 Qe5 25.Qc4 a6 26.Nd3 Qe2 27.b4 b5 28.Qb3 Rbe8 29.Rc1 Rd8
30.Re1 Qxe1+ 31.Nxe1 Rxd4 32.Nd3 Ne4 33.Ne5 h6 34.Nc6 Rc4 35.Ne5 Rc1+ 36.Kg2 Ng5
37.Nd3 Rc4 38.Ne5 Rd4 39.Nd3 Rfd8 40.Nc5 Rd2  0-1

[Event "Saitek US Masters"]
[Site "Hawaii"]
[Date "1998.07.26"]
[Round "6"]
[White "Schiller, Eric"]
[Black "Rowley, Robert"]
[Result "1/2-1/2"]
[WhiteElo "2190"]
[BlackElo "2360"]

1.d4 Nf6 2.c4 e6 3.g3 c5 4.Nf3 cxd4 5.Nxd4 Bb4+ 6.Bd2 Qb6 7.Bxb4 Qxb4+ 8.Qd2 Qxc4
9.Nc3 O-O 10.e4 Qc5 11.Rc1 Qe7 12.e5 Nd5 13.Nxd5 exd5 14.f4 d6 15.Qb4 Re8
16.Nb5 Nc6 17.Qxd6 f6 18.Bg2 Be6 19.O-O fxe5 20.fxe5 Rad8 21.Qxe7 Rxe7 22.Rfd1 a6
23.Nc3 d4 24.Ne2 Bxa2 25.Bxc6 bxc6 26.Rxc6 Rxe5 27.Rxd4 Rb8 28.Rd2 Reb5 29.Rxa6 Bc4
30.Ra7 Bxe2 31.Rxe2 Rxb2 32.Ree7 Rc8 33.Rxg7+ Kf8 34.Rgf7+ Kg8 35.Rg7+ Kf8
36.Raf7+ Ke8 37.Rf2 Rxf2 38.Kxf2 Rc2+ 39.Kg1 Rc1+ 40.Kg2 h5 41.Rg5 h4 42.g4 Rc2+
43.Kh3 Kf7 44.Ra5 Kg6 45.Ra8 Rb2 46.Rg8+ Kh7 47.Rf8 Kg6 48.Rh8 Ra2  1/2-1/2

[Event "MK Cafe Cup-A"]
[Site "Koszalin"]
[Date "1998.08.03"]
[Round "1"]
[White "Haba, Petr"]
[Black "Forintos, Gyozo V"]
[Result "1-0"]
[WhiteElo "2515"]
[BlackElo "2370"]

1.d4 Nf6 2.c4 e6 3.g3 c5 4.Nf3 cxd4 5.Nxd4 Bb4+ 6.Bd2 Qb6 7.Bg2 Nc6 8.Bxb4 Qxb4+
9.Nc3 Qxb2 10.Ndb5 Qb4 11.Rb1 Qa5 12.Qd6 Kd8 13.Rb3 Ne8 14.Qd2 a6 15.Ra3 Qb4
16.O-O axb5 17.Rxa8 Nc7 18.Qg5+ Ne7 19.Rxc8+ Kxc8 20.Nxb5 Nf5 21.Be4 Nxb5
22.Bxf5 Nd4 23.Bd3 Rg8 24.Qf4 Nc6 25.Qxf7 Qf8 26.Qxf8+ Rxf8 27.Bxh7 Kc7 28.Rb1 Ra8
29.Rb5 Nd4 30.Rg5 Rxa2 31.Rxg7 Rxe2 32.h4 Re1+ 33.Kg2 Rc1 34.Rg4 Nc6 35.h5 Ne5
36.Rg5 Kd6 37.Bg8 Rxc4 38.h6 Rc8 39.h7  1-0